|
|
|
|
| LEADER |
01913nam a2200421 i 4500 |
| 001 |
EBC4455678 |
| 003 |
MiAaPQ |
| 005 |
20200520144314.0 |
| 006 |
m o d | |
| 007 |
cr cnu|||||||| |
| 008 |
160412t20162016gw a ob 000 0 ger d |
| 020 |
|
|
|z 9783959347518
|
| 020 |
|
|
|a 9783959342513
|q (electronic bk.)
|
| 035 |
|
|
|a (MiAaPQ)EBC4455678
|
| 035 |
|
|
|a (Au-PeEL)EBL4455678
|
| 035 |
|
|
|a (CaPaEBR)ebr11177761
|
| 035 |
|
|
|a (OCoLC)945874097
|
| 040 |
|
|
|a MiAaPQ
|b eng
|e rda
|e pn
|c MiAaPQ
|d MiAaPQ
|
| 043 |
|
|
|a e------
|
| 050 |
|
4 |
|a HF1531
|b .A554 2016
|
| 082 |
0 |
|
|a 337.4
|2 23
|
| 100 |
1 |
|
|a Ankenbrand, Tobias Wolfgang,
|e author.
|
| 245 |
1 |
0 |
|a Transatlantic Trade and Investment Partnership - TTIP :
|b Chance oder Risiko fur die europaische Gesellschaft /
|c Tobias Wolfgang Ankenbrand.
|
| 264 |
|
1 |
|a Hamburg, [Germany] :
|b Diplomica Verlag,
|c 2016.
|
| 264 |
|
4 |
|c 2016
|
| 300 |
|
|
|a 1 online resource (103 pages) :
|b illustrations
|
| 336 |
|
|
|a text
|2 rdacontent
|
| 337 |
|
|
|a computer
|2 rdamedia
|
| 338 |
|
|
|a online resource
|2 rdacarrier
|
| 504 |
|
|
|a Includes bibliographical references.
|
| 588 |
|
|
|a Description based on online resource; title from PDF cover page (ebrary, viewed April 11, 2016).
|
| 590 |
|
|
|a Electronic reproduction. Ann Arbor, MI : ProQuest, 2016. Available via World Wide Web. Access may be limited to ProQuest affiliated libraries.
|
| 650 |
|
0 |
|a Foreign trade regulation
|x Government policy.
|
| 651 |
|
0 |
|a European Union countries
|x Foreign economic relations.
|
| 655 |
|
4 |
|a Electronic books.
|
| 776 |
0 |
8 |
|i Print version:
|a Ankenbrand, Tobias Wolfgang.
|t Transatlantic Trade and Investment Partnership - TTIP : Chance oder Risiko fur die europaische Gesellschaft.
|d Hamburg, [Germany] : Diplomica Verlag, c2016
|h viii, 92 pages
|z 9783959347518
|
| 797 |
2 |
|
|a ProQuest (Firm)
|
| 856 |
4 |
0 |
|u https://ebookcentral.proquest.com/lib/matrademy/detail.action?docID=4455678
|z Click to View
|